[Event "European Blitz 2015"]
[Site "Minsk BLR"]
[Date "2015.12.18"]
[Round "11.10"]
[White "Ragger, Markus"]
[Black "Razin, Vadim"]
[Result "0-1"]
[WhiteTitle "GM"]
[WhiteElo "2687"]
[BlackElo "2345"]
[WhiteFideId "1610856"]
[BlackFideId "14119463"]
[EventDate "2015.12.18"]
[EventType "swiss (blitz)"]

1. d4 d5 2. c4 Nc6 3. cxd5 Qxd5 4. e3 e5 5. Nc3 Bb4 6. Bd2 Bxc3 7. Bxc3 exd4 8.
Ne2 Bg4 9. Bxd4 Bxe2 10. Bxe2 Nxd4 11. exd4 Qxg2 12. Bf3 Qg6 13. Qa4+ c6 14.
O-O-O Ne7 15. Rhe1 Qg5+ 16. Kb1 O-O 17. Be4 Nd5 18. Bc2 Qf4 19. Qb3 Qxf2 20. Rf1
Qe3 21. Rd3 Qe2 22. Rg1 Qf2 23. Rdg3 g6 24. Qxb7 Qxd4 25. Bxg6 fxg6 26. Rxg6+
Kh8 27. R6g2 Rab8 28. Qxc6 Rxb2+ 29. Rxb2 Qxg1+ 30. Qc1 Rf1 31. Rb8+ Kg7 32.
Rb7+ Kf8 33. Rb8+ Ke7 34. Rb7+ Ke6 0-1

[Event "European Blitz 2015"]
[Site "Minsk BLR"]
[Date "2015.12.18"]
[Round "11.11"]
[White "Matinian, Nikita"]
[Black "Bortnyk, Mykola"]
[Result "0-1"]
[WhiteTitle "IM"]
[BlackTitle "IM"]
[WhiteElo "2470"]
[BlackElo "2416"]
[WhiteFideId "24129100"]
[BlackFideId "14120836"]
[EventDate "2015.12.18"]
[EventType "swiss (blitz)"]

1. e4 Nf6 2. e5 Nd5 3. d4 d6 4. c4 Nb6 5. exd6 exd6 6. Nc3 Be7 7. Be2 O-O 8. h3
Bf6 9. Nf3 Bf5 10. O-O Re8 11. a4 a6 12. a5 N6d7 13. Nd5 h6 14. Nxf6+ Nxf6 15.
d5 Nbd7 16. Nd4 Be4 17. b4 Ne5 18. Ra3 Qd7 19. Rg3 Ng6 20. f3 Bf5 21. Nxf5 Qxf5
22. Bd3 Qe5 23. f4 Qd4+ 24. Kh2 Ne4 25. Bxe4 Qxd1 26. Rxd1 Rxe4 27. f5 Nh4 28.
f6 g5 29. c5 Rxb4 30. cxd6 cxd6 31. Ba3 Rb5 32. Bxd6 Rd8 33. Bc7 Rdxd5 34. Rxd5
Rxd5 35. Rb3 Rd2 36. Rxb7 Nxg2 37. Kg3 Nh4 38. Rb8+ Kh7 39. Kg4 Kg6 40. Rg8+
Kxf6 41. Bd8+ Ke6 42. Kh5 Nf5 43. Bb6 Rd3 44. Re8+ Kf6 45. Bd8+ Kg7 46. Kg4 Kg6
47. Rg8+ Ng7 0-1

[Event "European Blitz 2015"]
[Site "Minsk BLR"]
[Date "2015.12.18"]
[Round "11.13"]
[White "Smirin, Ilia"]
[Black "Belyakov, Bogdan"]
[Result "1-0"]
[WhiteTitle "GM"]
[BlackTitle "IM"]
[WhiteElo "2658"]
[BlackElo "2511"]
[WhiteFideId "2801990"]
[BlackFideId "24104795"]
[EventDate "2015.12.18"]
[EventType "swiss (blitz)"]

1. e4 e5 2. Nf3 Nc6 3. Bb5 Nf6 4. d3 Bc5 5. c3 O-O 6. O-O d6 7. Bg5 h6 8. Bh4 g5
9. Bg3 Bg4 10. Nbd2 a6 11. Bxc6 bxc6 12. Qa4 Qe8 13. Rfe1 Bb6 14. d4 Nh5 15.
dxe5 Nxg3 16. hxg3 dxe5 17. Nc4 Bxf3 18. gxf3 Qe6 19. Kg2 Rfd8 20. Rad1 a5 21.
Rh1 Kg7 22. g4 Kg6 23. Nd2 Qd6 24. Nf1 Qxd1 25. Qxc6+ Qd6 26. Qc4 Qc5 27. Qe2
Qd6 28. Ng3 Rh8 29. Nf5 Qd7 30. Rh5 Rad8 31. Qc4 Qe6 32. Qe2 Qd7 33. Qc4 f6 34.
a4 Qd2 35. Ne7+ Kg7 36. Nf5+ Kf8 37. Qf1 Qxb2 38. Rh2 Rd2 39. Kg3 Qxc3 40. Qa6
Kf7 41. Qb5 Qc5 42. Qb3+ Kg6 43. Rxh6+ 1-0

[Event "European Blitz 2015"]
[Site "Minsk BLR"]
[Date "2015.12.18"]
[Round "11.14"]
[White "Alekseev, Evgeny"]
[Black "Pavlov, Sergey2"]
[Result "1-0"]
[WhiteTitle "GM"]
[BlackTitle "IM"]
[WhiteElo "2642"]
[BlackElo "2454"]
[WhiteFideId "4138147"]
[BlackFideId "14114330"]
[EventDate "2015.12.18"]
[EventType "swiss (blitz)"]

1. e4 Nf6 2. e5 Nd5 3. d4 d6 4. Nf3 Bg4 5. Be2 c6 6. exd6 Qxd6 7. O-O Nd7 8. Ne5
Bxe2 9. Qxe2 Nxe5 10. dxe5 Qg6 11. Nc3 Nxc3 12. bxc3 O-O-O 13. Be3 Qe4 14. Rfd1
Rxd1+ 15. Rxd1 e6 16. Bb6 Qd4 1-0

[Event "European Blitz 2015"]
[Site "Minsk BLR"]
[Date "2015.12.18"]
[Round "11.15"]
[White "Milov, Vadim"]
[Black "Ponkratov, Pavel"]
[Result "1/2-1/2"]
[WhiteTitle "GM"]
[BlackTitle "GM"]
[WhiteElo "2615"]
[BlackElo "2604"]
[WhiteFideId "1304364"]
[BlackFideId "4157800"]
[EventDate "2015.12.18"]
[EventType "swiss (blitz)"]

1. d4 Nf6 2. c4 c5 3. d5 e6 4. Nc3 exd5 5. cxd5 g6 6. Nf3 d6 7. Bf4 a6 8. a4 Bg7
9. h3 O-O 10. e3 Qe7 11. Nd2 Nbd7 12. Nc4 Ne8 13. Be2 Rb8 14. a5 Ne5 15. Nb6 f5
16. O-O Nf6 17. Bh2 Bd7 18. Re1 Ne4 19. f4 Nxc3 20. bxc3 Nf7 21. Qd2 Rbe8 22.
Bf3 g5 23. Rab1 g4 24. Bd1 h5 25. Bc2 Nh6 26. c4 Rf7 27. Kh1 Qh4 28. g3 Qd8 29.
h4 Ree7 30. Bg1 Be8 31. Re2 Rc7 32. Bd3 Qf6 33. Bf2 Rfe7 34. Be1 Bg6 35. Rc1 Re8
36. Qc2 Rce7 37. Bd2 Nf7 38. Rce1 Nd8 39. Bc1 Qc3 40. Bxf5 Bxf5 41. Qxf5 Qxa5
42. Nc8 Rf7 43. Qxh5 Qc7 44. Qxg4 b5 45. e4 bxc4 46. e5 dxe5 47. Rxe5 Rxe5 48.
Rxe5 Kf8 49. Re2 c3 50. d6 Qd7 51. Qxd7 Rxd7 52. Kg2 Nf7 53. Ba3 Bd4 54. h5 Nxd6
55. Nxd6 Rxd6 56. Kf3 Rb6 57. Bc1 Rb1 58. Be3 Rh1 59. g4 Rh3+ 60. Ke4 Rxe3+ 61.
Rxe3 c2 62. Re1 Bb2 63. Kd5 c1=Q 64. Rxc1 Bxc1 65. Kxc5 Be3+ 66. Kb4 Bxf4 1/2-1/2

[Event "European Blitz 2015"]
[Site "Minsk BLR"]
[Date "2015.12.18"]
[Round "11.16"]
[White "Kryakvin, Dmitry"]
[Black "Zubov, Alexander"]
[Result "1/2-1/2"]
[WhiteTitle "GM"]
[BlackTitle "GM"]
[WhiteElo "2529"]
[BlackElo "2601"]
[WhiteFideId "4153278"]
[BlackFideId "14109409"]
[EventDate "2015.12.18"]
[EventType "swiss (blitz)"]

1. d4 Nf6 2. Nf3 e6 3. c4 d5 4. Nc3 dxc4 5. Qa4+ Nbd7 6. e4 Be7 7. Bxc4 O-O 8.
e5 Nd5 9. Nxd5 exd5 10. Be2 c5 11. O-O cxd4 12. Qxd4 Nc5 13. Rd1 Be6 14. Be3 Ne4
15. Qa4 a6 16. Nd4 Rc8 17. Nxe6 fxe6 18. Bg4 Rc6 19. Rac1 Bc5 20. Qxe4 dxe4 21.
Rxd8 Rxd8 22. Rxc5 Rxc5 23. Bxc5 Kf7 24. Be3 Rd5 25. Kf1 Rxe5 26. Bd1 Rb5 27.
Bb3 a5 28. Ke1 a4 29. Bxa4 Rxb2 30. Bb3 Rb1+ 31. Ke2 Rh1 32. Bf4 Kf6 33. h3 e5
34. Bg3 Kf5 35. h4 Rg1 36. Bg8 Kg6 37. Bd5 b6 38. Bxe4+ Kf6 39. Bxh7 Kf7 40. Bd3
Kf6 41. h5 Rh1 42. f3 Rxh5 43. Bf2 Rh2 44. Kf1 Rh1+ 45. Bg1 Ke6 46. g4 Kd5 47.
Kg2 Rh8 48. Bxb6 Rb8 49. Be4+ Ke6 50. Be3 Rb2+ 51. Kg3 Rxa2 52. g5 Ra4 53. g6
Kf6 54. Kg4 Rb4 55. Bg5+ Ke6 56. Bd2 Ra4 57. Bc3 Kf6 58. Be1 Ra1 59. Bh4+ Ke6
60. Bf2 Kf6 61. Bc5 Ra5 62. Bd6 Ra6 63. Bc7 Ra1 64. Bd8+ Ke6 65. Kg3 Rg1+ 66.
Kf2 Ra1 67. Bg5 Ra2+ 68. Ke3 Ra4 69. Kd3 Rb4 70. Kc3 Ra4 71. Be3 Ra3+ 72. Kd2
Ra4 73. Bc5 Kf6 74. Kd3 Ke6 75. Be3 Ra3+ 76. Ke2 Kf6 77. Kf2 Rb3 78. Bc5 Rc3 79.
Bf8 Rc1 80. Bb4 Rc4 81. Bd2 Ra4 82. Be1 Ra3 83. Kg2 Ra1 84. Bh4+ Ke6 85. Bd3 Ra4
86. Kg3 Rb4 87. Bg5 Ra4 88. Bc2 Rb4 89. Bh4 Rb2 90. Be4 Ra2 91. Bc6 Kf5 92. Be8
Ra3 93. Kg2 Ra2+ 94. Kg3 Ra3 95. Kg2 Ra2+ 96. Bf2 Rc2 97. Bf7 Kf4 98. Be8 Rb2
99. Bf7 1/2-1/2

[Event "European Blitz 2015"]
[Site "Minsk BLR"]
[Date "2015.12.18"]
[Round "11.17"]
[White "Belous, Vladimir"]
[Black "Pogosian, Manvel"]
[Result "1/2-1/2"]
[WhiteTitle "GM"]
[WhiteElo "2557"]
[BlackElo "2382"]
[WhiteFideId "4174003"]
[BlackFideId "13503936"]
[EventDate "2015.12.18"]
[EventType "swiss (blitz)"]

1. c4 e5 2. g3 Nf6 3. Bg2 Nc6 4. Nf3 Be7 5. O-O O-O 6. Nc3 a5 7. d3 d6 8. Nd5
Nxd5 9. cxd5 Nb4 10. e4 c6 11. a3 Na6 12. dxc6 bxc6 13. d4 Qc7 14. Qc2 Bd7 15.
Be3 Rab8 16. Rfd1 exd4 17. Bxd4 Be6 18. Qd2 Nc5 19. Bxc5 dxc5 20. Rac1 Bb3 21.
Re1 Rfd8 22. Qc3 c4 23. Bf1 Qa7 24. Kg2 h6 25. Nd2 Bc5 26. Nxb3 Bxf2 27. Bxc4
Bxe1 28. Rxe1 a4 29. Nc5 Kh8 30. Nd3 Rd4 31. Ne5 f6 32. Nxc6 Rxc4 33. Nxa7 Rxc3
34. bxc3 1/2-1/2

[Event "European Blitz 2015"]
[Site "Minsk BLR"]
[Date "2015.12.18"]
[Round "11.18"]
[White "Kashtanov, Ruslan"]
[Black "Popov, Valerij"]
[Result "0-1"]
[WhiteTitle "IM"]
[BlackTitle "GM"]
[WhiteElo "2346"]
[BlackElo "2528"]
[WhiteFideId "4124871"]
[BlackFideId "4119410"]
[EventDate "2015.12.18"]
[EventType "swiss (blitz)"]

1. e4 e6 2. d4 d5 3. Nd2 h6 4. Bd3 Nc6 5. Ngf3 Nb4 6. Bb5+ c6 7. Be2 dxe4 8.
Nxe4 Qd5 9. Ng3 Nf6 10. a3 Na6 11. O-O Be7 12. Ne5 O-O 13. b4 Nc7 14. c4 Qd8 15.
Be3 a5 16. Qb3 Bd7 17. bxa5 Bc8 18. Qc3 Nce8 19. Bd2 Nd6 20. Bf3 Qc7 21. Rab1
Bd7 22. Rb6 Ra7 23. Rfb1 Rfa8 24. Bf4 Qd8 25. Bd2 Bc8 26. Bxc6 bxc6 27. Nxc6 Qc7
28. Nxa7 Rxa7 29. c5 Nde4 30. Nxe4 Nxe4 31. Qc2 Nxd2 32. Qxd2 Bb7 33. Qb4 Be4
34. Re1 Bd5 35. a6 g5 36. a4 Kg7 37. a5 Qc8 38. Qb5 Qc7 39. c6 Qf4 40. Rb7 Qxd4
41. Qb6 Bc5 42. Qb2 Rxa6 43. Qxd4+ Bxd4 0-1

[Event "European Blitz 2015"]
[Site "Minsk BLR"]
[Date "2015.12.18"]
[Round "11.19"]
[White "Dzhumagaliev, Yan"]
[Black "Konenkin, Dmitry"]
[Result "1/2-1/2"]
[WhiteTitle "FM"]
[BlackTitle "FM"]
[WhiteElo "2400"]
[BlackElo "2243"]
[WhiteFideId "24100110"]
[BlackFideId "4185781"]
[EventDate "2015.12.18"]
[EventType "swiss (blitz)"]

1. d4 d6 2. g3 e5 3. dxe5 dxe5 4. Qxd8+ Kxd8 5. Nc3 c6 6. f4 Nd7 7. Nf3 f6 8.
fxe5 Nxe5 9. Nxe5 fxe5 10. Bg5+ Nf6 11. O-O-O+ Kc7 12. Bxf6 gxf6 13. e4 Bg4 14.
Be2 h5 15. Rhf1 Bh6+ 16. Kb1 Raf8 17. a4 Bh3 18. Rfe1 h4 19. Rd3 Bg5 20. g4 Bg2
21. h3 Rd8 22. Bf1 Bxf1 23. Rxf1 Rd4 24. Rxd4 exd4 25. Ne2 c5 26. Rf5 Kc6 27. e5
Rf8 28. Ng1 Be3 29. Nf3 Kd7 30. Nxh4 Ke6 31. Nf3 Rf7 32. Rxf6+ Rxf6 33. exf6
Kxf6 34. b3 Ke6 35. h4 Kd5 36. Ne1 Ke4 37. Nd3 b6 38. g5 Kf5 39. b4 c4 40. Nb2
c3 41. Nc4 Bf2 42. Nd6+ Kg6 43. Nb5 a6 44. Nc7 a5 45. b5 Bxh4 46. Nd5 Bxg5 47.
Nxb6 Kf7 48. Nc4 Bd8 49. Ne5+ Ke6 50. Nd3 Kd5 51. Kc1 Kc4 52. Kd1 Be7 53. Ke2
Kd5 54. Kf3 Bd8 55. Kf4 Bc7+ 56. Kf5 Bd8 57. Kf4 Bc7+ 58. Kf3 Bd8 59. Kg3 Bc7+
60. Kg4 Ke4 61. Kg5 Ke3 62. Kf5 Kd2 63. Ke4 Kxc2 64. Kxd4 Kb3 65. Nc5+ Kb2 66.
Nd3+ Kb3 67. Nc5+ Kb2 68. Nd3+ Kb3 69. Nc5+ 1/2-1/2

[Event "European Blitz 2015"]
[Site "Minsk BLR"]
[Date "2015.12.18"]
[Round "11.20"]
[White "Rozum, Ivan"]
[Black "Trifonov, Denis"]
[Result "1-0"]
[WhiteTitle "GM"]
[BlackTitle "FM"]
[WhiteElo "2559"]
[BlackElo "2198"]
[WhiteFideId "24104272"]
[BlackFideId "13501313"]
[EventDate "2015.12.18"]
[EventType "swiss (blitz)"]

1. e4 e5 2. Nf3 Nc6 3. Bb5 Nge7 4. O-O a6 5. Ba4 g6 6. c3 Bg7 7. d4 exd4 8. cxd4
b5 9. Bb3 O-O 10. d5 Na5 11. Bc2 d6 12. Nc3 Nc4 13. Rb1 c5 14. dxc6 Nxc6 15. Nd5
Bg4 16. h3 Bxf3 17. Qxf3 Nd4 18. Qd1 Rc8 19. Bd3 Ne5 20. Be3 Nxd3 21. Qxd3 Nc6
22. Qd2 Re8 23. f3 Ne5 24. b3 Qh4 25. Bg5 Qh5 26. Ne7+ Rxe7 27. Bxe7 Nc6 28. Bg5
b4 29. Be3 Be5 30. Rbc1 Bc3 31. Qxd6 Ne5 32. f4 Qe2 33. Bd4 Nd3 34. Rxc3 Rxc3
35. Qd8# 1-0

[Event "European Blitz 2015"]
[Site "Minsk BLR"]
[Date "2015.12.18"]
[Round "11.21"]
[White "Bulanov, Dmitri"]
[Black "Roiz, Michael"]
[Result "0-1"]
[WhiteTitle "FM"]
[BlackTitle "GM"]
[WhiteElo "2369"]
[BlackElo "2594"]
[WhiteFideId "13506382"]
[BlackFideId "2804158"]
[EventDate "2015.12.18"]
[EventType "swiss (blitz)"]

1. f4 b6 2. Nf3 Bb7 3. d3 Bxf3 4. gxf3 e6 5. Be3 c5 6. Qd2 Nc6 7. Nc3 d5 8. Bf2
d4 9. Ne4 Nge7 10. c4 Nf5 11. Bh3 Be7 12. O-O-O Qc7 13. Kb1 Bh4 14. Bxf5 Bxf2
15. Nxf2 exf5 16. Rhg1 g6 17. h4 O-O-O 18. h5 Rde8 19. Nh3 Re7 20. Rg2 Re3 21.
h6 Rhe8 22. Qe1 Qe7 23. Rd2 Rxf3 24. Qh1 Re3 25. Rf2 Kc7 26. Qg2 f6 27. Ng1 Qd6
28. Qh2 Nd8 29. Nf3 Ne6 30. Nh4 Nf8 31. a3 a5 32. Rg2 Qc6 33. Qg1 Kb7 34. Rc2
Ka7 35. Rh2 a4 36. Rd2 Qd6 37. Qd1 Qxf4 38. Qxa4+ Kb7 39. Rh1 Qc7 40. Qd1 Qe7
41. Rh2 Qe6 42. Rf2 Nd7 43. Ng2 Re5 44. Nf4 Qc6 45. Qg1 Nf8 46. Nd5 Rxd5 47.
cxd5 Qxd5 48. Rg2 Nd7 49. Rd1 Ne5 50. Rf1 Re6 51. Rc1 Ng4 52. Qe1 Qxg2 53. b4
Rxe2 0-1

[Event "European Blitz 2015"]
[Site "Minsk BLR"]
[Date "2015.12.18"]
[Round "11.22"]
[White "Kovalenko, Igor"]
[Black "Ubiennykh, Ekaterina"]
[Result "1-0"]
[WhiteTitle "GM"]
[BlackTitle "WIM"]
[WhiteElo "2680"]
[BlackElo "2283"]
[WhiteFideId "14117908"]
[BlackFideId "4137582"]
[EventDate "2015.12.18"]
[EventType "swiss (blitz)"]

1. d4 Nf6 2. Nf3 g6 3. g3 Bg7 4. Bg2 O-O 5. O-O d6 6. a4 Nbd7 7. a5 c6 8. Nc3
Qc7 9. e4 e5 10. dxe5 dxe5 11. Be3 Re8 12. h3 Nf8 13. b4 Be6 14. Qe2 Red8 15.
Rfb1 b6 16. Kh2 h6 17. axb6 axb6 18. Ra6 Rab8 19. Nd2 N6d7 20. Rba1 Rb7 21. Nb3
Nb8 22. Ra8 Rd6 23. b5 c5 24. Nd2 Kh7 25. Nc4 Rd8 26. R1a3 Qe7 27. R8a4 Qd7 28.
Ra8 Qc7 29. Nd5 Bxd5 30. exd5 Qd7 31. d6 Ne6 32. c3 Bf8 33. Nxe5 Qxd6 34. Bxb7
Qxe5 35. R8a7 Bd6 36. Bg2 Nd7 37. Qf3 Rf8 38. Rxd7 1-0

[Event "European Blitz 2015"]
[Site "Minsk BLR"]
[Date "2015.12.18"]
[Round "11.23"]
[White "Bocharov, Dmitry"]
[Black "Nagibin, George"]
[Result "1-0"]
[WhiteTitle "GM"]
[BlackTitle "IM"]
[WhiteElo "2558"]
[BlackElo "2402"]
[WhiteFideId "4138716"]
[BlackFideId "4158164"]
[EventDate "2015.12.18"]
[EventType "swiss (blitz)"]

1. d4 g6 2. c4 Bg7 3. e4 d6 4. Nc3 Nc6 5. Nge2 e5 6. Be3 Nf6 7. f3 O-O 8. d5 Ne7
9. Qd2 Ne8 10. g4 c5 11. dxc6 bxc6 12. O-O-O Be6 13. Ng3 Qa5 14. h4 c5 15. h5
Nc6 16. Qh2 Nd4 17. hxg6 fxg6 18. Qxh7+ Kf7 19. Rh6 Rb8 20. Qxg6+ Ke7 21. Nf5+
Bxf5 22. gxf5 Bxh6 23. Bxh6 Nf6 24. Bg5 Rxb2 25. Nd5+ 1-0

[Event "European Blitz 2015"]
[Site "Minsk BLR"]
[Date "2015.12.18"]
[Round "11.24"]
[White "Popov, Ivan RUS"]
[Black "Girya, Olga"]
[Result "0-1"]
[WhiteTitle "GM"]
[BlackTitle "WGM"]
[WhiteElo "2650"]
[BlackElo "2456"]
[WhiteFideId "4170350"]
[BlackFideId "4195752"]
[EventDate "2015.12.18"]
[EventType "swiss (blitz)"]

1. e4 c6 2. d4 d5 3. Nc3 dxe4 4. Nxe4 Nd7 5. Nf3 Ngf6 6. Ng3 e6 7. Bc4 c5 8. O-O
Be7 9. dxc5 Nxc5 10. Qxd8+ Bxd8 11. Be3 Bb6 12. Rad1 O-O 13. Ne5 Ncd7 14. Nxd7
Bxd7 15. Bxb6 axb6 16. Ne4 Bc6 17. Nxf6+ gxf6 18. f4 Rfd8 19. Kf2 Rxd1 20. Rxd1
Ra4 21. b3 Rxa2 22. Rd8+ Kg7 23. Bd3 f5 24. g3 Ra1 25. h3 Rh1 26. g4 Be4 27. Kg3
Bxd3 28. Rxd3 Rc1 29. Rc3 fxg4 30. hxg4 Rg1+ 31. Kf3 h6 32. Rc7 Rc1 33. Ke4 Kf6
34. Kd3 Rf1 35. Rxb7 Rxf4 36. Rxb6 Rxg4 37. c4 h5 38. Rb8 h4 39. c5 Ke5 40. Kc3
Kd5 41. b4 Rg3+ 42. Kd2 h3 43. Rh8 Rg2+ 44. Ke3 h2 45. Rh5+ Kc6 46. Kf3 Rb2 47.
Kg3 f5 48. Rh6 Kd5 49. c6 Rxb4 50. Rxh2 Kxc6 51. Rd2 Rb5 52. Kf4 Rd5 53. Ra2 Kd6
54. Ra6+ Ke7 55. Ra8 Rd4+ 56. Kg5 Rg4+ 57. Kh5 Rg1 58. Ra7+ Kf6 59. Ra6 f4 0-1

[Event "European Blitz 2015"]
[Site "Minsk BLR"]
[Date "2015.12.18"]
[Round "11.25"]
[White "Landa, Konstantin"]
[Black "Pustovoitova, Daria"]
[Result "1/2-1/2"]
[WhiteTitle "GM"]
[BlackTitle "FM"]
[WhiteElo "2625"]
[BlackElo "2356"]
[WhiteFideId "4101685"]
[BlackFideId "4182146"]
[EventDate "2015.12.18"]
[EventType "swiss (blitz)"]

1. Nf3 d5 2. d4 Nf6 3. c4 c6 4. Qc2 dxc4 5. e4 Bg4 6. Bxc4 Bxf3 7. gxf3 Qxd4 8.
Be3 Qe5 9. Nc3 e6 10. O-O-O Bb4 11. f4 Qa5 12. Bd2 Qc5 13. Bb3 Qxf2 14. e5 Bxc3
15. bxc3 Nd5 16. Rhf1 Qxh2 17. f5 Nd7 18. fxe6 fxe6 19. Rh1 Qf2 20. Rdf1 Qc5 21.
Rxh7 Rxh7 22. Qg6+ Kd8 23. Qxh7 Kc7 24. Qh3 Rf8 25. Rxf8 Nxf8 26. Kb2 Qf2 27.
Kc2 Nf4 28. Qh8 N4g6 29. Qxg7+ Kb6 30. Qh6 Qf5+ 31. Kb2 Nxe5 32. Be3+ Kc7 33.
Qg7+ Nfd7 34. Qg3 Kc8 35. Qg8+ Kc7 36. Bxe6 Qf3 37. Bd4 Qe2+ 38. Kb3 Qd1+ 39.
Ka3 Qc1+ 40. Kb3 Qb1+ 41. Ka3 Qc1+ 42. Kb3 Qb1+ 43. Ka3 Qc1+ 44. Kb3 Qb1+ 45.
Ka3 Qc1+ 46. Kb3 1/2-1/2

[Event "European Blitz 2015"]
[Site "Minsk BLR"]
[Date "2015.12.18"]
[Round "11.26"]
[White "Loginov, Valery A"]
[Black "Huzman, Alexander"]
[Result "0-1"]
[WhiteTitle "GM"]
[BlackTitle "GM"]
[WhiteElo "2486"]
[BlackElo "2581"]
[WhiteFideId "4126297"]
[BlackFideId "2803828"]
[EventDate "2015.12.18"]
[EventType "swiss (blitz)"]

1. e4 e6 2. d4 d5 3. Nc3 Bb4 4. e5 b6 5. Qg4 Bf8 6. h4 Qd7 7. h5 Ba6 8. Nge2 f5
9. Qg3 Nc6 10. Be3 O-O-O 11. Nf4 Bxf1 12. Kxf1 Nh6 13. f3 Nf7 14. a3 Kb7 15. b4
Rg8 16. Bf2 Be7 17. Ncxd5 exd5 18. e6 Qe8 19. exf7 Qxf7 20. Nd3 Bd6 21. Qg5 h6
22. Qd2 Rge8 23. c3 f4 24. Rh4 Rf8 25. a4 a5 26. b5 Ne7 27. Re1 Nf5 28. Rh3 g5
29. hxg6 Qxg6 30. Ne5 Qg5 31. Nc6 Rde8 32. Rxe8 Rxe8 33. Rh2 Ne3+ 34. Bxe3 fxe3
35. Qe2 Bxh2 0-1

[Event "European Blitz 2015"]
[Site "Minsk BLR"]
[Date "2015.12.18"]
[Round "11.27"]
[White "Karpov, Vadim"]
[Black "Romanov, Evgeny"]
[Result "0-1"]
[WhiteTitle "IM"]
[BlackTitle "GM"]
[WhiteElo "2377"]
[BlackElo "2590"]
[WhiteFideId "4155025"]
[BlackFideId "4148843"]
[EventDate "2015.12.18"]
[EventType "swiss (blitz)"]

1. e4 e5 2. Nf3 Nc6 3. Bc4 Bc5 4. c3 Nf6 5. d4 exd4 6. cxd4 Bb4+ 7. Bd2 Bxd2+ 8.
Nbxd2 d5 9. exd5 Nxd5 10. Qb3 Nce7 11. O-O O-O 12. h3 c6 13. Rfe1 Nb6 14. Bd3
Ng6 15. Bxg6 hxg6 16. a4 Qd5 17. Qb4 Qd8 18. Qb3 a5 19. Ne5 Be6 20. Qg3 Bd5 21.
Ne4 Bxe4 22. Rxe4 Nd5 23. Rae1 Nf6 24. Rh4 Qd5 25. Ng4 Nh5 26. Qc3 Rfe8 27. Ne3
Qd6 28. Rg4 Nf6 29. Rh4 Qb4 30. Ra1 Qxc3 31. bxc3 g5 32. Rg4 Nxg4 33. hxg4 b5
34. Kf1 b4 35. Ke2 bxc3 36. Kd3 Reb8 37. Kxc3 f6 38. Nc4 Kf7 39. Nd6+ Ke6 40.
Ne4 Kd5 41. Nc5 Rb4 42. Rd1 Rc4+ 0-1

[Event "European Blitz 2015"]
[Site "Minsk BLR"]
[Date "2015.12.18"]
[Round "11.28"]
[White "Mikhalevski, Victor"]
[Black "Ambartsumova, Karina"]
[Result "1-0"]
[WhiteTitle "GM"]
[BlackTitle "WGM"]
[WhiteElo "2535"]
[BlackElo "2267"]
[WhiteFideId "2801914"]
[BlackFideId "4166299"]
[EventDate "2015.12.18"]
[EventType "swiss (blitz)"]

1. Nf3 Nf6 2. c4 e6 3. g3 d5 4. b3 Be7 5. Bg2 c5 6. O-O O-O 7. e3 b6 8. Nc3 Bb7
9. Bb2 Nbd7 10. cxd5 Nxd5 11. Nxd5 Bxd5 12. Qe2 Bf6 13. d4 Be4 14. Rfd1 Qe7 15.
Rac1 Rac8 16. Qa6 Nb8 17. Qf1 Qb7 18. Ne5 Bxg2 19. Qxg2 Qxg2+ 20. Kxg2 Bxe5 21.
dxe5 Rfd8 22. Rd6 Rxd6 23. exd6 Rd8 24. Rd1 Nc6 25. f4 f6 26. Kf3 Kf7 27. g4 g6
28. Ke4 f5+ 29. Kf3 Nb4 30. Be5 Rd7 31. a3 Nd5 32. gxf5 gxf5 33. e4 fxe4+ 34.
Kxe4 Rxd6 35. Bxd6 Nc3+ 36. Ke5 Nxd1 37. Bb8 a6 38. Ba7 Nb2 39. Bxb6 c4 40. b4
c3 41. Be3 Nc4+ 42. Kd4 Nxa3 43. Kxc3 Nb5+ 44. Kc4 Kf6 45. Kc5 Nc7 46. Bd2 Kf5
47. Kb6 Nd5+ 48. Kxa6 Nxb4+ 49. Bxb4 Kxf4 50. Kb5 e5 51. Bd6 h5 52. Kc4 Kf5 53.
Kd5 e4 54. Kd4 Kg4 55. Kxe4 Kh3 56. Kf5 1-0

[Event "European Blitz 2015"]
[Site "Minsk BLR"]
[Date "2015.12.18"]
[Round "11.29"]
[White "Shtembuliak, Evgeny"]
[Black "Shevchenko, Kirill"]
[Result "1-0"]
[WhiteTitle "FM"]
[BlackTitle "FM"]
[WhiteElo "2420"]
[BlackElo "2373"]
[WhiteFideId "14113325"]
[BlackFideId "14129574"]
[EventDate "2015.12.18"]
[EventType "swiss (blitz)"]

1. Nf3 Nf6 2. g3 g6 3. Bg2 Bg7 4. O-O O-O 5. c4 d6 6. Nc3 Nc6 7. d3 Nh5 8. d4 e5
9. d5 Ne7 10. e4 a5 11. Bd2 Qe8 12. Nb5 Qd8 13. Ne1 Bd7 14. a4 Nf6 15. Nd3 Ne8
16. b4 c6 17. Nc3 axb4 18. Nxb4 f5 19. dxc6 bxc6 20. c5 dxc5 21. Nd3 c4 22. Nc5
f4 23. Qe2 Nd6 24. Nxd7 Qxd7 25. Rfd1 Rfd8 26. gxf4 exf4 27. e5 Ndf5 28. Qxc4+
Kh8 29. Bxf4 Qc7 30. Rac1 Bxe5 31. Bxe5+ Qxe5 32. Re1 Qg7 33. Re6 Rd4 34. Qc5
Rad8 35. Rce1 Rd3 36. Ne4 R3d5 37. Qc2 Re5 38. Rxe5 Qxe5 39. Qc1 Qd4 40. Ng5 Rb8
41. Ne6 Qf6 42. Qf4 Ra8 43. Nc5 Rg8 44. a5 Qc3 45. Qc1 1-0

[Event "European Blitz 2015"]
[Site "Minsk BLR"]
[Date "2015.12.18"]
[Round "11.30"]
[White "Zakhartsov, Vladimir"]
[Black "Nazaretyan, Tigran"]
[Result "1-0"]
[WhiteTitle "IM"]
[WhiteElo "2462"]
[BlackElo "2301"]
[WhiteFideId "4145097"]
[BlackFideId "24162345"]
[EventDate "2015.12.18"]
[EventType "swiss (blitz)"]

1. e4 c5 2. Nf3 a6 3. c3 d5 4. exd5 Qxd5 5. d4 Nf6 6. Be2 e6 7. c4 Qd6 8. O-O
Nc6 9. dxc5 Qxd1 10. Rxd1 Bxc5 11. Nc3 O-O 12. Bg5 h6 13. Bh4 g5 14. Bg3 Bb4 15.
Na4 Ne4 16. Bc7 e5 17. a3 Ba5 18. Bxa5 Nxa5 19. Nb6 Ra7 20. b4 Nc6 21. b5 axb5
22. cxb5 Na5 23. Rac1 f6 24. Rxc8 Rxc8 25. Nxc8 Ra8 26. Rd8+ Kg7 27. Rd7+ Kf8
28. Nd6 Nc3 29. Bd3 Nb3 30. Bh7 Ne2+ 31. Kh1 1-0